000 00227nam a2200097Ia 4500
008 220204s9999 xx 000 0 und d
082 _a82-3
_bMAN
100 _aMandino, Og
245 0 _aGreatest miracle in the world
942 _cBK
999 _c33445
_d33445